02753nam a2200301 a 45000010005000000030007000050050017000120070003000290080041000320200028000730400037001010820021001382450237001592640064003963000062004603360029005223370033005513380028005844900064006125000052006765000033007285201416007616500058021776500053022356500056022887000054023447000053023981150gtuscu20260319160016.0ta250818e2012 gt ad||| |||| 001 0 spa d a97899922732cdisponible agtuscubspacgtuscudgtuscuerda04aCEUR 352.15 G3931 aGestión metropolitana :bun acercamiento a las problemáticas municipales de la nueva Guatemala de la Asunción, Quetzaltenango y la Antigua Guatemala /ceditores María del Carmen Muñoz Paz y Luis Rafael Valladares Vielman.1 aGuatemala :bUniversidad de San Carlos de Guatemala,c2012. a236 páginas : bilustraciones algunas a color ;c21 cm  2rdacontenidoatextobtxt 2rdamedioasin mediaciónbn 2rdasoporteavolumenbnc aTerritorio y Regionalización en Guatemala ;vvolumen VIII aElaborado por el cuerpo Técnico del CEUR-USAC aContiene Índice de autores3 aEl presente texto tiene el propósito de caracterizar, brevemente, algunos de los cambios que en las últimas tres décadas se han venido produciendo en la Nueva Guatemala de la Asunción, Quetzaltenango y La Antigua Guatemala, en la lógica que el ordenamiento territorial conlleva el conocimiento de la relación que existe entre: lo demográfico, el soporte físico, las actividades y la gestión. Esta investigación ha sido realizada para uso de la población en general, en el entendido de que todos debemos conocer cual es la dinámica del crecimiento de la población, la calidad de vida, la exclusión social, la explotación de recursos, la degradación ambiental, la participación social, este conocimiento permitirá una mejor planificación y regulación, para poder presentar opciones de solución a los distintos problemas; pero, además tener el conocimiento para ejercer una ciudadanía plena. Se considera que este libro constituye un aporte científico al estudio general de los problemas urbanos que enfrentan los municipios de Guatemala, Antigua Guatemala y Quetzaltenango, tomándose en cuenta que cada uno de ellos, a partir de su crecimiento y su dinámica, han constituido áreas metropolitanas, y en tanto que tales el estudio resalta la urgencia de que las planificaciones que se pretendan ejecutar, se realicen en el marco de una perspectiva metropolitana142LEMBaAdministración municipalzCiudad de Guatemala142LEMBaAdministración municipalzQuetzaltenango142LEMBaAdministración municipalzAntigua Guatemala1 aMuñoz Paz, María del Carmend1968- ;eeditora1 aValladares Vielman, Luis Rafaeld1970- ;eeditor